Analýza zdravotného stavu obyvateľstva v okolí atómovej elektrárne Mochovce pomocou fuzzy zhlukovej analýzy

Bibliographic Details
Main Authors: Letkovičová, A. (Author), Stehlíková, Beáta, 1956- (Author), Weber, J. (Author)
Format: Article
Language:Slovak
ISBN:808894600X

MARC

LEADER 00000naa a2200000uu 4500
001 vtls010950101
003 SK-MaSNL
005 20260302125442.0
008 210905|1999 xo |||||||||||||||||slo|
015 |a SNBRA 
035 |a (urnnbn)urn:nbn:sk:snk:ar-a0biyx 
035 |a (uuid)4d6dd4d3-5714-4c1d-9583-6cb9ac10586b 
035 |a urn:nbn:sk:snk-aaub15 
040 |a SNKBUCL  |b slo  |c SNKBUCL  |e AACR2 
041 0 |a slo 
044 |a xo  |c SK 
100 1 |a Letkovičová, A.  |4 aut  |9 798817 
245 1 0 |a Analýza zdravotného stavu obyvateľstva v okolí atómovej elektrárne Mochovce pomocou fuzzy zhlukovej analýzy  |c A. Letkovičová, B. Stehlíková, J. Weber 
700 1 |a Stehlíková, Beáta,  |d 1956-  |4 aut  |9 8379 
700 1 |a Weber, J.  |4 aut  |9 598898 
773 0 |t Demografické, zdravotné a sociálno-ekonomické aspekty úmrtnosti  |d Bratislava] : Slovenská štatistická a demografická spoločnosť, 1999  |g S. 98-100  |z 808894600X 
958 |a OND 
958 |a article11 
958 |a chapter 
999 |c 1293821  |d 1295751